000 00936nam a2200277 i 4500
001 169783
003 ES-MaACL
005 20250817065102.0
008 081126s1994 sp |||| | spa d
017 _aM 32.719-1994
020 _a84-206-4652-0
080 _a75 Murillo, Bartolomé Esteban
080 _a929 Murillo, Bartolomé Esteban
100 1 _aValdivieso, Enrique.
_9112551
245 1 0 _aMurillo /
_cEnrique Valdivieso.
260 _aMadrid :
_bAlianza Editorial,
_c1994.
300 _a62, [2] p., VIII p. de lám. col. ;
_c15 cm.
490 1 _aAlianza cien ;
_v52
500 _aÍndices.
500 _aEn antep.: Textos completos.
600 1 4 _aMurillo, Bartolomé Esteban,
_d1617-1682
_984581
700 1 _aMurillo, Bartolomé Esteban,
_d1617-1682
_984581
830 0 _aAlianza cien ;
_v52
_9188880
852 4 _aES-MaACL
_jE-12307
_9R.190463
_z- Biblioteca Jacinto Martínez Lacalle
999 _c169783
_d169783